[Event "AUT-ch U18 Girls"]
[Site "St Veit"]
[Date "2021.10.26"]
[Round "3.3"]
[White "Oberberger, Bianca"]
[Black "Vicze, Zsofia"]
[Result "0-1"]
[WhiteElo "1279"]
[BlackElo "1826"]
[PlyCount "110"]
[EventDate "2021.10.25"]
[EventType "swiss"]
[EventRounds "7"]
[EventCountry "AUT"]
[SourceTitle "EXT 2023"]
[Source "ChessBase"]
[SourceDate "2022.10.05"]
[SourceVersion "1"]
[SourceVersionDate "2022.10.05"]
[SourceQuality "1"]

1. d4 d5 2. c4 e6 3. Nf3 Nf6 4. Bf4 c6 5. e3 Nbd7 6. Nc3 Be7 7. Bd3 dxc4 8. Bxc4 b5 9. Bd3 Bb7 10. 0-0 a6 11. Re1 c5 12. dxc5 Bxc5 13. Ne5 0-0 14. Bc2 Nxe5 15. Bxe5 Qxd1 16. Raxd1 Nd5 17. Nxd5 Bxd5 18. a3 Rac8 19. Bb1 f6 20. Bd4 Be7 21. e4 Bc4 22. Be3 b4 23. Bd3 bxa3 24. bxa3 Bxa3 25. Bxc4 Rxc4 26. f3 Rfc8 27. Ra1 Bb4 28. Red1 a5 29. Bb6 Bc5+ 30. Bxc5 R4xc5 31. Rd6 Rc1+ 32. Rxc1 Rxc1+ 33. Kf2 e5 34. Ra6 Ra1 35. Ra7 a4 36. h3 h6 37. Ke2 a3 38. Kf2 Kh7 39. Kg3 h5 40. h4 Kh6 41. Ra6 Kg6 42. Ra7 Kh7 43. Ra6 Kh6 44. Ra5 a2 45. Ra7 g5 46. hxg5+ Kxg5 47. Rg7+ Kh6 48. Ra7 h4+ 49. Kf2 Kg6 50. Ra6 Kg5 51. Ra8 Kf4 52. Ra6 h3 53. gxh3 Rh1 54. Kg2 a1Q 55. Rxa1 Rxa1 0-1

[Event "AUT-ch U16 Girls Online Rapid"]
[Site "Playchess.com INT"]
[Date "2020.12.13"]
[Round "7"]
[White "Stadlinger, Lea"]
[Black "Vicze, Zsofia"]
[Result "1/2-1/2"]
[WhiteElo "1536"]
[BlackElo "1836"]
[PlyCount "75"]
[EventDate "2020.12.13"]
[EventType "tourn (rapid)"]
[EventRounds "7"]
[EventCountry "AUT"]
[SourceTitle "EXT 2022"]
[Source "ChessBase"]
[SourceDate "2021.10.06"]
[SourceVersion "1"]
[SourceVersionDate "2021.10.06"]
[SourceQuality "1"]

1. e4 c5 2. Nf3 Nc6 3. d4 cxd4 4. Nxd4 Nf6 5. Nc3 d6 6. Bc4 e5 7. Nf3 Be6 8. Bb3 Be7 9. Bg5 0-0 10. Qd2 Na5 11. Rd1 Nxb3 12. axb3 Ne8 13. Bxe7 Qxe7 14. 0-0 Rd8 15. Nd5 Bxd5 16. Qxd5 Nf6 17. Qd3 Qc7 18. Rfe1 Qc6 19. Nd2 d5 20. exd5 Rxd5 21. Qc4 Rc5 22. Qd3 Re8 23. c4 Qb6 24. Ne4 Nxe4 25. Rxe4 Rcc8 26. Qc3 f6 27. Ree1 Red8 28. Rd3 Rxd3 29. Qxd3 Rd8 30. Qc2 Qd4 31. Kf1 Qd2 32. Qxd2 Rxd2 33. Re2 Rd1+ 34. Re1 Rd3 35. Re3 Rd1+ 36. Re1 Rd2 37. Re2 Rd1+ 38. Re1 1/2-1/2

[Event "AUT-ch U16 Girls Online Blitz"]
[Site "Playchess.com INT"]
[Date "2020.12.11"]
[Round "6"]
[White "Vicze, Zsofia"]
[Black "Stadlinger, Lea"]
[Result "1-0"]
[WhiteElo "1696"]
[BlackElo "1503"]
[PlyCount "43"]
[EventDate "2020.12.11"]
[EventType "tourn (blitz)"]
[EventRounds "7"]
[EventCountry "AUT"]
[SourceTitle "EXT 2022"]
[Source "ChessBase"]
[SourceDate "2021.10.06"]
[SourceVersion "1"]
[SourceVersionDate "2021.10.06"]
[SourceQuality "1"]

1. e4 e5 2. Bc4 Nf6 3. d3 Bc5 4. Nc3 d6 5. f4 exf4 6. Bxf4 Nc6 7. Nf3 Be6 8. Bxe6 fxe6 9. Qd2 e5 10. Bg5 0-0 11. 0-0-0 Nd4 12. Nxd4 Bxd4 13. Nd5 Kh8 14. Kb1 c6 15. Nxf6 gxf6 16. Bh4 b5 17. Rdf1 a5 18. Qh6 Qd7 19. Rxf6 Rxf6 20. Bxf6+ Kg8 21. Rf1 Qf7 22. Rf3 1-0

[Event "EU-ch Online U16 Girls"]
[Site "Tornelo INT"]
[Date "2020.09.20"]
[Round "9"]
[White "Vicze, Zsofia"]
[Black "Vukosavljevic, Tatjana"]
[Result "0-1"]
[WhiteElo "1636"]
[BlackElo "1364"]
[PlyCount "76"]
[EventDate "2020.09.18"]
[EventType "swiss (rapid)"]
[EventRounds "9"]
[EventCountry "NET"]
[SourceTitle "EXT 2023"]
[Source "ChessBase"]
[SourceDate "2022.10.05"]
[SourceVersion "1"]
[SourceVersionDate "2022.10.05"]
[SourceQuality "1"]
[WhiteTeam "Austria"]
[BlackTeam "Serbia"]
[WhiteTeamCountry "AUT"]
[BlackTeamCountry "SRB"]

1. e4 d6 2. d4 Nf6 3. Nc3 g6 4. f4 Bg7 5. Nf3 Bg4 6. Be3 0-0 7. Bd3 c6 8. 0-0 b5 9. h3 Bxf3 10. Qxf3 b4 11. Ne2 Qc7 12. f5 Nbd7 13. Nf4 c5 14. fxg6 hxg6 15. c3 e5 16. Ne2 exd4 17. cxd4 cxd4 18. Bxd4 Ne5 19. Bxe5 dxe5 20. Rac1 Qb6+ 21. Kh1 Rac8 22. Qg3 Qd6 23. Bc4 Qd2 24. b3 Rxc4 25. Rxc4 Qxe2 26. Rfc1 Qxa2 27. Rxb4 Nh5 28. Qf3 Nf4 29. Ra4 Qb2 30. Re1 Rd8 31. Rxa7 Rd3 32. Qg4 Qf2 33. Rc1 Qxa7 34. Rc8+ Bf8 35. Qh4 Rd1+ 36. Kh2 Qg1+ 37. Kg3 Rd3+ 38. Kg4 Qxg2+ 0-1

[Event "EU-ch Online U16 Girls"]
[Site "Tornelo INT"]
[Date "2020.09.18"]
[Round "2"]
[White "Vicze, Zsofia"]
[Black "Kipluka, Anna Krista"]
[Result "1-0"]
[WhiteElo "1636"]
[BlackElo "1292"]
[PlyCount "61"]
[EventDate "2020.09.18"]
[EventType "swiss (rapid)"]
[EventRounds "9"]
[EventCountry "NET"]
[SourceTitle "EXT 2023"]
[Source "ChessBase"]
[SourceDate "2022.10.05"]
[SourceVersion "1"]
[SourceVersionDate "2022.10.05"]
[SourceQuality "1"]
[WhiteTeam "Austria"]
[BlackTeam "Latvia"]
[WhiteTeamCountry "AUT"]
[BlackTeamCountry "LAT"]

1. e4 c6 2. Nf3 d5 3. Nc3 dxe4 4. Nxe4 Bf5 5. Ng3 Bg6 6. h4 h5 7. Ne5 Qd6 8. d4 Nd7 9. Nxg6 Qxg6 10. Bd3 Qg4 11. Be2 Qe6 12. Be3 g6 13. 0-0 Ngf6 14. b3 Qd6 15. c4 Bg7 16. Qd2 Qc7 17. Rfe1 e6 18. Bf3 0-0 19. Bh6 Rfe8 20. Bxg7 Kxg7 21. Rad1 Rad8 22. Qg5 Kh7 23. Re3 b6 24. Ne4 Nxe4 25. Bxe4 Kg7 26. Rg3 Nf6 27. Bxg6 fxg6 28. Qxg6+ Kf8 29. Qxf6+ Qf7 30. Qh6+ Ke7 31. Rg7 1-0

[Event "AUT-ch Vor1 Internet (Women)"]
[Site "Playchess.com INT"]
[Date "2020.05.30"]
[Round "3"]
[White "Mira, Helene"]
[Black "Vicze, Zsofia"]
[Result "0-1"]
[WhiteElo "2082"]
[BlackElo "1750"]
[PlyCount "130"]
[EventDate "2020.05.30"]
[EventType "swiss (blitz)"]
[EventRounds "9"]
[EventCountry "AUT"]
[SourceTitle "CBM 196 Extra"]
[Source "ChessBase"]
[SourceDate "2020.07.31"]
[SourceVersion "1"]
[SourceVersionDate "2020.07.31"]
[SourceQuality "1"]

1. d4 d5 2. c4 e6 3. Nf3 Nf6 4. Nc3 a6 5. Bg5 Be7 6. e3 0-0 7. Rc1 Nbd7 8. Qc2 dxc4 9. Bxc4 b5 10. Bb3 Bb7 11. 0-0 c5 12. a3 c4 13. Ba2 Qc7 14. Bb1 Bxf3 15. Bxf6 Nxf6 16. gxf3 Bd6 17. f4 g6 18. Kh1 Qc6+ 19. f3 Ng4 20. Rce1 Rad8 21. Qg2 Nf6 22. Ne4 Nxe4 23. fxe4 c3 24. b4 Rc8 25. Rc1 Be7 26. e5 Qxg2+ 27. Kxg2 f6 28. Kf3 fxe5 29. dxe5 Rfd8 30. Ba2 Kf7 31. Rfd1 Rd2 32. Rxd2 cxd2 33. Rd1 Rc2 34. Bb1 Rb2 35. Ke2 Rb3 36. Rxd2 Rxa3 37. Be4 Bxb4 38. Rd7+ Be7 39. Bc6 Ra2+ 40. Kd3 Rxh2 41. e4 b4 42. Ra7 Ra2 43. Bd7 h5 44. Kc4 h4 45. Ra8 Ra3 46. f5 gxf5 47. exf5 exf5 48. Bxf5 a5 49. Rh8 a4 50. Rh7+ Kf8 51. Be6 Rc3+ 52. Kd4 a3 53. Bd5 Bc5+ 54. Ke4 Re3+ 55. Kf5 h3 56. Kf6 Ke8 57. e6 Bd4+ 58. Kf5 Re5+ 59. Kf4 Rxd5 60. Ke4 Rd8 61. e7 Rd7 62. Rxh3 a2 63. Rf3 Rxe7+ 64. Kxd4 a1Q+ 65. Kc4 Qa5 0-1

[Event "AUT-ch Vor1 Internet (Women)"]
[Site "Playchess.com INT"]
[Date "2020.05.30"]
[Round "8"]
[White "Vicze, Zsofia"]
[Black "Goeschl, Ortrun"]
[Result "1-0"]
[WhiteElo "1750"]
[BlackElo "1966"]
[PlyCount "75"]
[EventDate "2020.05.30"]
[EventType "swiss (blitz)"]
[EventRounds "9"]
[EventCountry "AUT"]
[SourceTitle "CBM 196 Extra"]
[Source "ChessBase"]
[SourceDate "2020.07.31"]
[SourceVersion "1"]
[SourceVersionDate "2020.07.31"]
[SourceQuality "1"]

1. e4 Nc6 2. d4 e5 3. d5 Nce7 4. c4 Ng6 5. Nc3 Bc5 6. Nf3 Nf6 7. Bd3 0-0 8. 0-0 d6 9. Bg5 a5 10. a3 h6 11. Be3 Bxe3 12. fxe3 c6 13. Nd2 Qb6 14. Qe1 Nf4 15. Rxf4 exf4 16. Nf3 Qxe3+ 17. Qxe3 fxe3 18. Re1 Ng4 19. h3 Ne5 20. Bc2 Nxc4 21. Bb3 Nxb2 22. dxc6 bxc6 23. Rxe3 Ba6 24. Kf2 Nc4 25. Re1 Ne5 26. Nxe5 dxe5 27. Ba4 c5 28. Nd5 Rfd8 29. Rc1 Bd3 30. Ke3 c4 31. Bb5 Ra7 32. a4 Bf1 33. Rxf1 f6 34. Rc1 Raa8 35. Rxc4 Rdc8 36. Nb6 Rxc4 37. Bxc4+ Kf8 38. Nxa8 1-0

[Event "AUT-ch Vor1 Internet (Women)"]
[Site "Playchess.com INT"]
[Date "2020.05.30"]
[Round "4"]
[White "Vicze, Zsofia"]
[Black "Hapala, Elisabeth"]
[Result "0-1"]
[WhiteElo "1750"]
[BlackElo "2158"]
[PlyCount "58"]
[EventDate "2020.05.30"]
[EventType "swiss (blitz)"]
[EventRounds "9"]
[EventCountry "AUT"]
[SourceTitle "CBM 196 Extra"]
[Source "ChessBase"]
[SourceDate "2020.07.31"]
[SourceVersion "1"]
[SourceVersionDate "2020.07.31"]
[SourceQuality "1"]

1. e4 c5 2. Nf3 e6 3. c4 Nc6 4. Nc3 e5 5. Be2 Be7 6. 0-0 d6 7. d3 f5 8. Ne1 Nf6 9. f3 f4 10. g3 g5 11. g4 h5 12. h3 hxg4 13. hxg4 Kf7 14. Rf2 Be6 15. Rg2 Rh3 16. Kf2 Qh8 17. b3 Qh4+ 18. Kf1 Rh8 19. Rg1 Rh1 20. Ng2 Qg3 21. Qe1 Qh2 22. Kf2 Nd4 23. Bb2 Qg3+ 24. Kf1 Rxg1+ 25. Kxg1 Nxf3+ 26. Bxf3 Qxf3 27. Qe2 Qh3 28. Nd5 Bxd5 29. cxd5 Nxg4 0-1

[Event "AUT-ch U16 Girls"]
[Site "Sankt Veit an der Glan"]
[Date "2019.04.16"]
[Round "4"]
[White "Moerwald, Magdalena"]
[Black "Vicze, Zsofia"]
[Result "0-1"]
[WhiteElo "1786"]
[BlackElo "1801"]
[PlyCount "122"]
[EventDate "2019.04.14"]
[EventType "swiss"]
[EventRounds "7"]
[EventCountry "AUT"]
[SourceTitle "CBM 190 Extra"]
[Source "ChessBase"]
[SourceDate "2019.07.15"]
[SourceVersion "1"]
[SourceVersionDate "2019.07.15"]
[SourceQuality "1"]

1. e4 c5 2. Nc3 Nc6 3. f4 e6 4. Nf3 d5 5. Bb5 a6 6. Bxc6+ bxc6 7. d3 Nf6 8. 0-0 Be7 9. Qe1 0-0 10. e5 Nd7 11. Qg3 Re8 12. Kh1 a5 13. Qh3 Nf8 14. g4 f5 15. Qg2 Qc7 16. Rg1 Bd8 17. Na4 Qe7 18. gxf5 exf5 19. Nxc5 Bb6 20. d4 Bxc5 21. dxc5 Ra7 22. Be3 Rb7 23. b3 Ne6 24. Qf2 a4 25. Rab1 axb3 26. cxb3 Rb5 27. b4 Qb7 28. Qd2 Qa7 29. Nd4 Nxd4 30. Bxd4 Be6 31. Ra1 Qa3 32. Rab1 Ra8 33. Rg2 Qf3 34. Qe3 Qxe3 35. Bxe3 d4 36. Bxd4 Bd5 37. Rbb2 Rd8 38. Bc3 Be4 39. Rbd2 Rxd2 40. Bxd2 Rb7 41. Kg1 Bxg2 42. Kxg2 Ra7 43. Kg3 Rxa2 44. Be1 Rb2 45. h3 Rb1 46. Bd2 Rb3+ 47. Kh4 h6 48. Be1 Kf7 49. Bd2 Rd3 50. Be1 g6 51. Bf2 Rf3 52. Be1 Rxf4+ 53. Kg3 Re4 54. Bd2 Rxe5 55. Bxh6 Re4 56. Bd2 Ke6 57. h4 Rg4+ 58. Kh3 Rd4 59. Be1 Re4 60. Bd2 Re2 61. Bc1 Rc2 0-1

[Event "Brno op 7th"]
[Site "Brno"]
[Date "2017.11.14"]
[Round "5"]
[White "Vicze, Zsofia"]
[Black "Hamouche, Kahina"]
[Result "1-0"]
[WhiteElo "1606"]
[BlackElo "1282"]
[PlyCount "29"]
[EventDate "2017.11.11"]
[EventType "swiss"]
[EventRounds "9"]
[EventCountry "CZE"]
[SourceTitle "CBM 181 Extra"]
[Source "ChessBase"]
[SourceDate "2017.12.12"]
[SourceVersion "1"]
[SourceVersionDate "2017.12.12"]
[SourceQuality "1"]

1. e4 d6 2. d4 Nf6 3. Nc3 g6 4. Be3 Bg7 5. f3 Nbd7 6. Qd2 0-0 7. g4 c5 8. Nge2 b6 9. h4 cxd4 10. Nxd4 Ne5 11. h5 gxh5 12. gxh5 Ne8 13. Qg2 Kh8 14. Rg1 Rg8 15. h6 1-0

[Event "Arco op-B 39th"]
[Site "Arco"]
[Date "2017.10.13"]
[Round "6"]
[White "Vanzan, Alessandro"]
[Black "Vicze, Zsofia"]
[Result "0-1"]
[WhiteElo "1563"]
[BlackElo "1554"]
[PlyCount "64"]
[EventDate "2017.10.08"]
[EventType "swiss"]
[EventRounds "8"]
[EventCountry "ITA"]
[SourceTitle "CBM 181 Extra"]
[Source "ChessBase"]
[SourceDate "2017.12.12"]
[SourceVersion "1"]
[SourceVersionDate "2017.12.12"]
[SourceQuality "1"]

1. c4 e6 2. Nc3 d5 3. cxd5 exd5 4. d4 Nf6 5. g3 Be7 6. Bg2 c6 7. Nf3 0-0 8. 0-0 Nbd7 9. a3 Re8 10. Re1 Nf8 11. b4 Ne6 12. Bb2 g6 13. Rc1 Ng7 14. Ne5 Nf5 15. b5 Qb6 16. Na4 Qxb5 17. Rb1 Qa5 18. Bc3 Qc7 19. Bb4 Bxb4 20. axb4 Nxd4 21. Nxf7 Nxe2+ 22. Rxe2 Qxf7 23. Rd2 Bf5 24. Rc1 Ne4 25. Rb2 a6 26. f3 Nd6 27. Nb6 Rad8 28. g4 Bc8 29. Rd2 Qf4 30. Rd4 Qe3+ 31. Kh1 Nb5 32. Nc4 Qxd4 0-1

[Event "AUT-ch U14 Girls"]
[Site "St Veit"]
[Date "2017.06.03"]
[Round "1.2"]
[White "Oberberger, Bianca"]
[Black "Vicze, Zsofia"]
[Result "0-1"]
[WhiteElo "1099"]
[BlackElo "1580"]
[PlyCount "58"]
[EventDate "2017.06.03"]
[EventType "swiss"]
[EventRounds "7"]
[EventCountry "AUT"]
[SourceTitle "EXT 2024"]
[Source "ChessBase"]
[SourceDate "2023.10.10"]
[SourceVersion "1"]
[SourceVersionDate "2023.10.10"]
[SourceQuality "1"]

1. d4 Nf6 2. e3 d6 3. Bd3 g6 4. f4 Bg7 5. Nf3 0-0 6. Nbd2 b6 7. 0-0 Bb7 8. c3 c5 9. h3 Nbd7 10. Qe1 Re8 11. a3 e5 12. fxe5 dxe5 13. dxe5 Nxe5 14. Bc2 Bh6 15. Nxe5 Rxe5 16. Nf3 Re8 17. c4 Qe7 18. Kf2 Ne4+ 19. Kg1 Ng5 20. b3 Nxf3+ 21. gxf3 Qg5+ 22. Kh2 Qe5+ 23. f4 Qxa1 24. Qf2 Qf6 25. Re1 Rad8 26. Bb1 Bg7 27. Qg3 Qc3 28. Ba2 Qc2+ 29. Kg1 Qxa2 0-1